Statistics for States that border other countries

Click here to take the quiz!

General Stats

  • This quiz has been taken 23 times
  • The average score is 13 of 14

Answer Stats

CountryAnswer% Correct
CanadaMinnesota
100%
CanadaNew Hampshire
100%
CanadaNorth Dakota
100%
CanadaWashington
100%
CanadaAlaska
94%
MexicoArizona
94%
CanadaIdaho
94%
CanadaMaine
94%
CanadaMontana
94%
MexicoNew Mexico
94%
MexicoTexas
94%
CanadaVermont
94%
MexicoCalifornia
89%
CanadaNew York
89%

Score Distribution

Percentile by Number Answered

Percent of People with Each Score

Your Score History

You have not taken this quiz